| 000 | 00783nam a2200217 i 4500 | ||
|---|---|---|---|
| 001 | 39489 | ||
| 003 | ES-MaACL | ||
| 005 | 20240426103822.0 | ||
| 007 | t| | ||
| 008 | 030303s1902 po ||||1| por d | ||
| 245 | 0 | 0 |
_aCancioneiro geral / _ccontinuaçao ao de Garcia de Resende ; compilado por Antonio Francisco Barata e avaliado pelo Theophilo Braga. |
| 260 |
_aEvora : _bEmpresa Typographica Elvorense, _c1902. |
||
| 300 |
_aXXV, 271 p. ; _c23 cm. |
||
| 650 | 4 |
_aPoesías líricas galaico-portuguesas. _9156096 |
|
| 650 | 4 |
_aPoesías líricas españolas- _yHasta S.XV. _916234 |
|
| 700 | 1 |
_aRezende, García de. _996644 |
|
| 700 | 1 |
_aBarata, Antonio Francisco. _925338 |
|
| 700 | 1 |
_aBraga, Teófilo, _d1843-1924 _931276 |
|
| 852 |
_aES-MaACL _jG-7803 |
||
| 999 |
_c39489 _d39489 |
||